| Tag |
First Indicator |
Second Indicator |
Subfields |
| LEADER |
00000pam a22000004a 4500 |
| 001 |
in00002000995 |
| 005 |
20151031125416.0 |
| 008 |
040520s2004 ctua b 001 0 eng |
| 010 |
|
|
|a 2004011240
|
| 020 |
|
|
|a 0313324875
|
| 035 |
|
|
|a (OCoLC)ocm55475094
|
| 040 |
|
|
|a DLC
|c DLC
|d YDX
|d UtOrBLW
|
| 042 |
|
|
|a pcc
|
| 043 |
|
|
|a a-ii---
|
| 049 |
|
|
|a TXAM
|
| 050 |
0 |
0 |
|a TX724.5.I4
|b S38 2004
|
| 082 |
0 |
0 |
|a 394.1/0954
|2 22
|
| 100 |
1 |
|
|a Sen, Colleen Taylor.
|
| 245 |
1 |
0 |
|a Food culture in India /
|c Colleen Taylor Sen.
|
| 264 |
|
1 |
|a Westport, Conn. :
|b Greenwood Press,
|c 2004.
|
| 300 |
|
|
|a xxvi, 197 pages :
|b illustrations ;
|c 25 cm.
|
| 336 |
|
|
|a text
|b txt
|2 rdacontent
|
| 337 |
|
|
|a unmediated
|b n
|2 rdamedia
|
| 338 |
|
|
|a volume
|b nc
|2 rdacarrier
|
| 490 |
1 |
|
|a Food culture around the world,
|x 1545-2638
|
| 504 |
|
|
|a Includes bibliographical references (pages [187]-189) and index.
|
| 650 |
|
0 |
|a Cooking, Indic.
|
| 650 |
|
0 |
|a Food habits
|z India.
|
| 830 |
|
0 |
|a Food culture around the world.
|
| 945 |
|
|
|i PromptCat
|
| 948 |
|
|
|a cataloged
|b h
|c 2004/11/5
|d c
|e cmulkey
|f 2:09:11 pm
|
| 994 |
|
|
|a 92
|b TXA
|
| 999 |
|
|
|a MARS
|
| 999 |
f |
f |
|s ea762195-f7f9-3696-bf06-3feafe372aa9
|i ddb5b5bb-cc09-3a80-bdd4-0e6123ef360a
|t 0
|
| 952 |
f |
f |
|p normal
|a Texas A&M University
|b College Station
|c Sterling C. Evans Library
|d Evans: Library Stacks
|t 0
|e TX724.5.I4 S38 2004
|h Library of Congress classification
|i unmediated -- volume
|m A14831599364
|
| 998 |
f |
f |
|a TX724.5.I4 S38 2004
|t 0
|l Evans: Library Stacks
|